000 00299nam a2200121Ia 4500
008 191201s2008 xx 000 0 und d
100 _aPHILLIPS, Philip
245 0 _aAdvanced Solid State Physics
260 _aN. delhi
_boverseas press
_c2008
300 _a386
650 _aApplied
942 _2ddc
_cBK
999 _c6638
_d6638